| 000 | 00474cam a2200205ua 4500 | ||
|---|---|---|---|
| 020 | _cRs.4/- (PB) | ||
| 041 |
_aeng _h |
||
| 082 |
_a320.58G _bGAN/EC |
||
| 100 |
_aGandhi, M.K . _94546 |
||
| 245 | _aEconomic and industrial life and relations, Vol.II | ||
| 250 |
_a1 / _b. |
||
| 260 |
_aAhmadabad : _bNavajivan publishing house , _c1957. |
||
| 300 | _a380 ; . | ||
| 365 | _aRs.4/- | ||
| 504 | _a | ||
| 942 | _cBK | ||
| 999 |
_c71 _d71 |
||
| 003 | @ | ||
| 003 | OSt | ||